000 01006nam a2200253Ia 4500
003 OSt
005 20220923225255.0
006 a|||||r|||| 00| 0
007 ta
008 220922b |||||||| |||| 00| 0 hin d
024 _a261,834
037 _cTextual
040 _aARTS
_cARTS
_bhin
041 _2hin
_ahin
082 _aY744:321, 152J8
100 _aकापड़िया, के एम; रावत, हरिकृष्ण, अनु.
_9168567
245 0 _aभारत वर्ष मे विवाह एवं परिवार
246 _aBhārat varṣha me vivāh evan parivāra
260 _aदिल्ली
_b मोतीलाल बनारसीदास प्रकाशन
_c1958
300 _a309पृ.
_ccm.
650 _aभारतीय-लोक साहित्य
942 _hY744:321, 152J8
_cTEXL
_2CC
999 _c377171
_d377171